000 00689cam a2200205 4500
001 WB3714-20
008 000000n2001 000 0 eng u
035 _a(Sirsi) u111847
245 _aPlans for phone masts fail to tackle fears
260 _c2001
490 _aIndependent
_v 4 April 2001, 8(1)
520 _aA committee of MPs warns that proposed changes to planning laws governing mobile phone telephone masts fail to address public concerns about possible health risks.
590 _aWB
650 _aMOBILE TELEPHONE MASTS
650 _aPLANNING PERMISSION
650 _aPLANNING PROCEDURE
650 _aHEALTH HAZARDS
690 _aHealth and safety
_96244
942 _n0
999 _c66654
_d66654